[Event "AUTO-MASTER-3165"]
[Site "http://www.queenalice.com/game.php?id=1811842"]
[Date "2023.5.13"]
[Round "1"]
[White "IranSilva"]
[Black "junipero"]
[Result "1-0"]
[WhiteElo "2233"]
[BlackElo "2129"]

1. e4 c5 2. Nf3 Nc6 3. d4 cxd4 4. Nxd4 e5 5. Nb5 d6 6. N1c3 a6 7. Na3 b5 8. Nd5
Bb7 9. c3 Nf6 10. Bg5 Be7 11. Bxf6 Bxf6 12. Nc2 O-O 13. Nce3 Rc8 14. Nf5 g6 15.
Qg4 Bg7 16. Nxg7 Kxg7 17. h4 f5 18. exf5 Rxf5 19. Bd3 Rf7 20. h5 Ne7 21. Nxe7
Qxe7 22. hxg6 Rf4 23. Rxh7+ Kg8 24. Qxc8+ Bxc8 25. Rxe7 1-0

[Event "AUTO-MASTER-3168"]
[Site "http://www.queenalice.com/game.php?id=1813082"]
[Date "2023.6.4"]
[Round "1"]
[White "CCapivara"]
[Black "junipero"]
[Result "1-0"]
[WhiteElo "2173"]
[BlackElo "2088"]

1. e4 c5 2. Nf3 Nc6 3. d4 cxd4 4. Nxd4 e5 5. Nb5 d6 6. N1c3 a6 7. Na3 b5 8. Nd5
Nf6 9. Bg5 Be7 10. Bxf6 Bxf6 11. c3 O-O 12. Nc2 Bb7 13. a4 bxa4 14. Rxa4 g6 15.
Bc4 Bg7 16. O-O Ne7 17. Nce3 Nxd5 18. Bxd5 Bxd5 19. Nxd5 Qb8 20. b4 Rd8 21. Qd3
Qb5 22. Qxb5 axb5 23. Rxa8 Rxa8 24. Rd1 Bf8 25. h4 f5 26. f3 f4 27. h5 Kf7 28.
hxg6+ Kxg6 29. Nc7 Rb8 30. Rd5 Kg5 31. Rxb5 Rc8 32. Ne6+ Kh4 33. Nxf8 Rxf8 34.
c4 Rc8 35. c5 dxc5 36. Rxc5 Re8 37. Kf2 Kg5 38. b5 Kf6 39. b6 Rb8 40. Rc6+ Kg5
41. Re6 Kh4 42. Rxe5 Rxb6 43. Re7 h5 44. Kg1 Kg3 45. Rg7+ Kh4 46. Kh2 Rb5 47.
Rd7 Re5 48. Rd5 Rg5 49. Rxg5 Kxg5 50. g3 fxg3+ 51. Kxg3 h4+ 52. Kh3 Kh5 53. f4
1-0

[Event "AUTO-MASTER-3168"]
[Site "http://www.queenalice.com/game.php?id=1813083"]
[Date "2023.6.4"]
[Round "1"]
[White "junipero"]
[Black "CCapivara"]
[Result "1-0"]
[WhiteElo "2089"]
[BlackElo "2156"]

1. d4 d6 2. c4 Nf6 3. Nc3 c6 4. e3 Bg4 5. Nf3 Nbd7 6. Be2 e5 7. dxe5 dxe5 8. O-O
Bb4 9. Bd2 O-O 10. h3 Bh5 11. a3 Ba5 12. b4 Bc7 13. c5 Qe7 14. e4 Rad8 15. Qc2
Rfe8 16. Rad1 Nf8 17. Bg5 Ne6 18. Bxf6 Qxf6 19. Rxd8 Rxd8 20. Rd1 Rxd1+ 21. Qxd1
Bxf3 22. Bxf3 Nd4 23. Be2 g6 24. Bc4 Kg7 25. Ne2 h5 26. Nxd4 exd4 27. f3 b6 28.
cxb6 Bxb6 29. Qd3 c5 30. b5 Qf4 31. Kf2 h4 32. a4 Ba5 33. Qe2 Bd2 34. Kg1 Qg3
35. Qxd2 1-0

[Event "AUTO-MASTER-3168"]
[Site "http://www.queenalice.com/game.php?id=1813096"]
[Date "2023.6.4"]
[Round "1"]
[White "junipero"]
[Black "arvo1938"]
[Result "0-1"]
[WhiteElo "2121"]
[BlackElo "2264"]

1. d4 Nf6 2. c4 e6 3. Nc3 d5 4. e3 Bd6 5. a3 O-O 6. c5 Be7 7. b4 Nc6 8. Nf3 Ne4
9. Nxe4 dxe4 10. Nd2 e5 11. dxe5 Nxe5 12. Nxe4 Qxd1+ 13. Kxd1 Rd8+ 14. Ke2 Nd3
15. Bd2 f5 16. Ng3 Bf6 17. f4 Bxa1 0-1

[Event "AUTO-MASTER-3168"]
[Site "http://www.queenalice.com/game.php?id=1813097"]
[Date "2023.6.4"]
[Round "1"]
[White "arvo1938"]
[Black "junipero"]
[Result "1-0"]
[WhiteElo "2245"]
[BlackElo "2099"]

1. f4 d5 2. Nf3 c5 3. e3 Nc6 4. Bb5 Bd7 5. Bxc6 Bxc6 6. Ne5 Qc7 7. b3 e6 8. Bb2
Bb5 9. c4 dxc4 10. bxc4 Bc6 11. Nxc6 Qxc6 12. Nc3 Qxg2 13. Qa4+ Kd8 14. O-O-O
Nf6 15. d4 Kc8 16. d5 a6 17. dxe6 fxe6 18. Nb5 Be7 19. Rhg1 Qc6 20. Rxg7 Re8 21.
Bxf6 Bxf6 22. Nd6+ Kb8 23. Qxc6 bxc6 24. Rb7# 1-0

[Event "AUTO-MASTER-3168"]
[Site "http://www.queenalice.com/game.php?id=1813098"]
[Date "2023.6.4"]
[Round "1"]
[White "junipero"]
[Black "diedoofen"]
[Result "1/2-1/2"]
[WhiteElo "2106"]
[BlackElo "2156"]

1. d4 Nf6 2. c4 e6 3. Nc3 Bb4 4. e3 O-O 5. Nf3 d6 6. Be2 Bxc3+ 7. bxc3 b6 8. O-O
Bb7 9. Qb3 Re8 10. c5 dxc5 11. dxc5 Nbd7 12. cxb6 axb6 13. Bb2 Nc5 14. Qc2 Qd7
15. Rfd1 Qc6 16. Bf1 Qe4 17. Qxe4 Nfxe4 18. Nd2 Nxd2 19. Rxd2 e5 20. f3 e4 21.
f4 Ra5 22. Rd4 Ba6 23. Bxa6 Rxa6 24. Kf2 Nd3+ 25. Rxd3 exd3 26. Bc1 Rd8 27. Bd2
c5 28. a4 Rda8 29. Rb1 Rxa4 30. Rxb6 Ra2 31. Ke1 Rxd2 32. Kxd2 c4 33. Rc6 Ra2+
34. Kd1 g6 35. Rxc4 Rxg2 36. Rd4 Rxh2 37. Rxd3 Ra2 38. c4 Kf8 39. c5 Ke7 40. c6
Ra4 41. Rd4 Ra2 42. Rd7+ Ke6 43. e4 Ra5 44. f5+ gxf5 45. exf5+ Rxf5 46. Rd8 Rc5
47. Rh8 Rxc6 48. Rxh7 f5 49. Rh6+ Kd5 50. Rxc6 Kxc6 51. Ke2 Kd5 52. Kf3 Ke5 53.
Ke3 f4+ 54. Kf3 Kd4 55. Kxf4 Kc3 1/2-1/2

[Event "AUTO-MASTER-3168"]
[Site "http://www.queenalice.com/game.php?id=1813099"]
[Date "2023.6.4"]
[Round "1"]
[White "diedoofen"]
[Black "junipero"]
[Result "1-0"]
[WhiteElo "2034"]
[BlackElo "2113"]

1. e4 c5 2. Nf3 Nc6 3. d4 cxd4 4. Nxd4 e5 5. Nb5 d6 6. c4 a6 7. N5c3 Nf6 8. Bd3
Be7 9. b3 O-O 10. O-O h6 11. Na3 Bg4 12. f3 Be6 13. Nd5 Nd4 14. Nc2 Nxc2 15.
Qxc2 Rc8 16. Qf2 a5 17. Nxe7+ Qxe7 18. f4 exf4 19. Bxf4 Nh5 20. Bc1 Nf6 21. Ba3
a4 22. e5 Ne8 23. Rad1 axb3 24. exd6 Qd7 25. axb3 Rc6 26. Bb1 Ra6 27. Qc2 f5 28.
Bb2 Rf7 29. c5 Qb5 30. Rfe1 Bxb3 31. Rxe8+ Qxe8 32. Qxb3 Kf8 33. h3 g6 34. Qc3
Rh7 35. Bd3 Qe3+ 36. Kh2 Qf4+ 37. Kh1 Rxd6 38. cxd6 Ke8 39. Bb5+ Kd8 40. Qa5+ b6
41. Qa8# 1-0

[Event "AUTO-OPEN-4450"]
[Site "http://www.queenalice.com/game.php?id=1813185"]
[Date "2023.6.5"]
[Round "1"]
[White "dosoldini"]
[Black "junipero"]
[Result "0-1"]
[WhiteElo "1477"]
[BlackElo "2109"]

1. e4 c5 2. Bc4 d6 3. d4 cxd4 4. Qd3 Nc6 5. Bd2 e5 6. Nf3 Nf6 7. Bg5 Be7 8. c3
dxc3 9. Nxc3 O-O 10. Bxf6 Bxf6 11. O-O a6 12. a3 b5 13. Bd5 Bb7 14. b4 Rb8 15.
Rad1 Be7 16. a4 Nxb4 17. Qd2 Nxd5 18. exd5 bxa4 19. Nxa4 Qd7 20. Nc3 Rfc8 21. h3
Qc7 22. Ne2 Qc5 23. Rc1 Qb5 24. Nc3 Qc4 25. Rfe1 f6 26. Re4 Qb3 27. Nh4 Rc5 28.
Nf5 Bf8 29. Rg4 Bxd5 30. Nh6+ Kh8 31. Nf5 Be6 32. Rb1 Qxc3 0-1

[Event "AUTO-OPEN-4450"]
[Site "http://www.queenalice.com/game.php?id=1813186"]
[Date "2023.6.5"]
[Round "1"]
[White "junipero"]
[Black "dosoldini"]
[Result "1-0"]
[WhiteElo "2108"]
[BlackElo "1479"]

1. d4 d5 2. c4 dxc4 3. e3 Qd5 4. Nc3 Qc6 5. Nf3 Bf5 6. Ne5 Qf6 7. Bxc4 e6 8. O-O
Bd6 9. Nf3 Nc6 10. h3 Qg6 11. Nh4 Qg5 12. Nxf5 Qxf5 13. a3 Nf6 14. b4 O-O 15.
Bb2 e5 16. dxe5 Nxe5 17. Be2 h5 18. e4 Qg6 19. f4 Nxe4 20. Bxh5 Qe6 21. Nxe4 g6
22. Nxd6 cxd6 23. fxe5 dxe5 24. Bg4 f5 25. Bf3 Rad8 26. Qc2 Rc8 27. Qa4 Qd7 28.
Qxd7 1-0

[Event "AUTO-OPEN-4450"]
[Site "http://www.queenalice.com/game.php?id=1813213"]
[Date "2023.6.5"]
[Round "1"]
[White "junipero"]
[Black "Rasumichin"]
[Result "0-1"]
[WhiteElo "2091"]
[BlackElo "1685"]

1. d4 d5 2. c4 dxc4 3. e3 b5 4. Nc3 a6 5. a4 b4 6. Na2 a5 7. Bxc4 e6 8. Qf3 c6
9. Bd2 Bb7 10. Nc1 Bd6 11. Nb3 Nf6 12. Nc5 Bxc5 13. dxc5 O-O 14. Qf4 Qe7 15. Qd4
Rd8 16. Qe5 Ng4 17. Qh5 Nf6 18. Qe5 Nbd7 19. Qc7 Rab8 20. Qxa5 Nxc5 21. Bxb4
Nfe4 22. f3 Nf6 23. Bxc5 Qd7 24. Ne2 Ra8 25. Qc3 Nd5 26. Bxd5 Qxd5 27. Bd4 f6
28. O-O e5 29. Bb6 Rd7 30. e4 Qe6 31. a5 Ba6 32. Rfe1 Rb8 33. Ng3 g6 34. Red1
Rbb7 35. Rac1 Rxd1+ 36. Rxd1 Bb5 37. b3 Kg7 38. b4 Ba4 39. Rd2 Bb5 40. Bc5 h6
41. Rd6 Qf7 42. a6 Bxa6 43. Rxc6 Qa2 44. h3 Bb5 45. Rb6 Rxb6 46. Bxb6 g5 47.
Qc7+ Kg6 48. Bc5 Qc4 49. Qd8 Qc1+ 50. Kh2 Qc4 51. Qc8 Qf7 0-1

[Event "AUTO-OPEN-4450"]
[Site "http://www.queenalice.com/game.php?id=1813214"]
[Date "2023.6.5"]
[Round "1"]
[White "Rasumichin"]
[Black "junipero"]
[Result "1-0"]
[WhiteElo "1715"]
[BlackElo "2061"]

1. e4 c5 2. Nf3 Nc6 3. d4 cxd4 4. Nxd4 e5 5. Nxc6 bxc6 6. Nc3 d6 7. Be3 Nf6 8.
h3 Be7 9. Bc4 O-O 10. Qe2 Bb7 11. O-O d5 12. exd5 cxd5 13. Nxd5 Bxd5 14. Rad1
Qa5 15. a3 Rac8 16. Bxd5 Nxd5 17. Bc1 Nf6 18. f3 Qc5+ 19. Kh1 Qxc2 20. Qxe5 Rfe8
21. Qe3 Bd6 22. Qxa7 Be5 23. b4 Nh5 24. Kg1 Ng3 25. Rfe1 Bb2 26. Bxb2 Qxb2 27.
Qd7 Rf8 28. Kh2 Nh5 29. Rd2 Qxa3 30. b5 Qc3 31. Ree2 g6 32. Rc2 Qxc2 33. Rxc2
Rxc2 34. b6 Rcc8 35. b7 Rb8 36. g4 Ng7 37. Qd5 Ne6 38. Kg3 Nd8 39. g5 Rxb7 40.
Kg4 Rb4+ 41. f4 Ne6 42. Qd6 Rxf4+ 43. Kg3 Rd4 44. Qe5 Rfd8 45. Kf3 Rd3+ 46. Ke2
Rxh3 47. Qf6 Rdd3 48. Qe7 Rde3+ 49. Kd2 Rd3+ 50. Kc2 Nd4+ 51. Kb2 1-0

[Event "AUTO-OPEN-4450"]
[Site "http://www.queenalice.com/game.php?id=1813215"]
[Date "2023.6.5"]
[Round "1"]
[White "junipero"]
[Black "TammieM3ENF"]
[Result "1-0"]
[WhiteElo "2113"]
[BlackElo "1219"]

1. d4 e5 2. dxe5 d5 3. Nf3 c5 4. e3 d4 5. exd4 cxd4 6. Qxd4 Nd7 7. Bb5 Nf6 8.
exf6 gxf6 9. O-O h6 10. Re1+ Be7 11. Qxf6 Rg8 12. Qxh6 Rg6 13. Qh8+ Rg8 14.
Qxg8# 1-0

[Event "AUTO-OPEN-4450"]
[Site "http://www.queenalice.com/game.php?id=1813216"]
[Date "2023.6.5"]
[Round "1"]
[White "TammieM3ENF"]
[Black "junipero"]
[Result "0-1"]
[WhiteElo "1136"]
[BlackElo "2075"]

1. d4 d5 2. e4 dxe4 3. f3 exf3 4. gxf3 Nf6 5. Be3 e6 6. Bd3 Be7 7. f4 O-O 8. Nc3
Nd5 9. Nf3 Nxe3 10. Qe2 Nd5 11. h4 Nxf4 12. Qd1 Nc6 13. h5 Nxd3+ 14. cxd3 Nxd4
15. a3 Nxf3+ 16. Qxf3 h6 17. b4 c5 18. bxc5 Bxc5 19. Ne4 Qd4 20. Nxc5 Qxa1+ 21.
Ke2 Qe5+ 22. Kf2 Qxc5+ 23. Ke2 Qxa3 24. Rg1 Qb2+ 25. Ke3 Qb6+ 26. Ke2 Qxg1 27.
Qf2 Qxf2+ 28. Kxf2 a5 29. Ke2 a4 30. Kd2 a3 31. Kc1 a2 32. Kb2 a1=Q+ 33. Kc2
Ra2+ 34. Kb3 Qb2+ 35. Kc4 Ra4+ 36. Kc5 Qd4+ 37. Kb5 Bd7# 0-1

[Event "AUTO-MASTER-3155"]
[Site "http://www.queenalice.com/game.php?id=1814708"]
[Date "2023.6.22"]
[Round "2"]
[White "RookXPawn"]
[Black "junipero"]
[Result "0-1"]
[WhiteElo "2011"]
[BlackElo "2078"]

1. e4 c5 2. Nf3 Nc6 3. Bb5 d6 4. O-O Bd7 5. c3 e5 6. d4 cxd4 7. cxd4 exd4 8.
Nxd4 a6 9. Nxc6 bxc6 10. Bd3 Nf6 11. Nc3 Be7 12. Bf4 Be6 13. h3 O-O 14. Qe2 a5
15. Rfd1 Qb6 16. e5 dxe5 0-1

[Event "AUTO-MASTER-3155"]
[Site "http://www.queenalice.com/game.php?id=1814709"]
[Date "2023.6.22"]
[Round "2"]
[White "junipero"]
[Black "RookXPawn"]
[Result "1-0"]
[WhiteElo "2064"]
[BlackElo "2025"]

1. d4 d5 2. c4 c6 3. Nc3 Nf6 4. e3 Bf5 5. Nf3 e6 6. a3 h6 7. c5 b6 8. b4 a5 9.
Bb2 axb4 10. axb4 Nbd7 11. Be2 Be7 12. O-O O-O 13. h3 Qc7 14. Bd3 Bxd3 15. Qxd3
b5 16. Nd2 1-0

[Event "AUTO-MASTER-3155"]
[Site "http://www.queenalice.com/game.php?id=1814712"]
[Date "2023.6.22"]
[Round "2"]
[White "junipero"]
[Black "tariann"]
[Result "0-1"]
[WhiteElo "2091"]
[BlackElo "2269"]

1. d4 d5 2. c4 e6 3. e3 Nf6 4. Nc3 Be7 5. a3 O-O 6. Nf3 c5 7. cxd5 Nxd5 8. Bc4
Nf6 9. O-O Nc6 10. h3 a6 11. d5 exd5 12. Nxd5 Nxd5 13. Bxd5 Qc7 14. Qb3 Ne5 15.
Bd2 Nxf3+ 16. Bxf3 c4 17. Qc2 Be6 18. b3 Rac8 19. Rac1 Bxa3 20. bxc4 Bxc1 21.
Rxc1 Qxc4 22. Qxc4 Rxc4 23. Rxc4 Bxc4 24. Bxb7 Rb8 25. Be4 Rb5 26. Bc6 Rc5 27.
Ba4 Bb5 28. Bb3 Bc6 29. Kf1 a5 30. f3 a4 31. Bd1 a3 32. Bb4 Rc1 33. Ke2 a2 0-1

[Event "AUTO-MASTER-3155"]
[Site "http://www.queenalice.com/game.php?id=1814713"]
[Date "2023.6.22"]
[Round "2"]
[White "tariann"]
[Black "junipero"]
[Result "1-0"]
[WhiteElo "2274"]
[BlackElo "2072"]

1. e4 c5 2. Nf3 Nc6 3. d4 cxd4 4. Nxd4 e5 5. Nb5 d6 6. c4 a6 7. N5c3 Nf6 8. Bg5
Be7 9. Be2 O-O 10. O-O h6 11. Bxf6 Bxf6 12. Nd2 Nd4 13. Nf3 Nxf3+ 14. Bxf3 Be6
15. Nd5 b5 16. Rc1 bxc4 17. Rxc4 Bxd5 18. Qxd5 Be7 19. Rfc1 Qb6 20. b3 Qb5 21.
Qc6 Bg5 22. R1c2 Qa5 23. g3 Rfd8 24. Bg4 d5 25. exd5 Qxd5 26. Qxd5 Rxd5 27. Bf3
Rad8 28. Bxd5 Rxd5 29. Rc5 Rd1+ 30. Kg2 e4 31. Rc6 a5 32. a3 e3 33. R6c5 exf2
34. Kxf2 Bd8 35. Rc8 Kf8 36. Ra8 Ke7 37. Rb2 Ra1 38. Re2+ 1-0